| 000 | 00535cam a2200193ua 4500 | ||
|---|---|---|---|
| 020 |
_a0-87692-764-9 _c150.00 |
||
| 041 |
_aeng _h |
||
| 082 |
_a631.44 _bMIL/SO |
||
| 100 | _aMiller, Raymond W . | ||
| 245 |
_aSoils: An introduction to soils and plant growth / _cRaymond W Miller. _hTextual Documents |
||
| 250 |
_a6 / _b. |
||
| 260 |
_aNew Delhi : _bPrentice Hall of India Pvt Ltd. , _c1992. |
||
| 300 | _a768 ; . | ||
| 365 | _a150.00 | ||
| 504 | _a | ||
| 700 | 1 | _aDonahue, Roy L . | |
| 942 | _cBK | ||
| 999 |
_c7303 _d7303 |
||